Seis estudios de psicología

Saved in:
Bibliografiske detaljer
Hovedforfatter: Piaget, Jean (Author)
Format: Bog
Sprog:spansk
Udgivet: Barcelona Seix Barral 1969
Udgivelse:4a. ed
Serier:Biblioteca Breve Seix Barral, 247
Fag:
Tags: Tilføj Tag
Ingen Tags, Vær først til at tagge denne postø!

MARC

LEADER 00000nam a2200000 a 4500
001 UCU0095
003 CL-VaPUC
008 960315e19690000SP |||||||||||||||||spa|d
082 0 4 |a 155.4  |b PIA  |2 21 
100 0 |a Piaget, Jean  |e author  |9 308149 
245 1 0 |a Seis estudios de psicología 
250 |a 4a. ed 
300 |a 227 p 
942 |c BK 
945 |d 19960315 00:00:00  |a lriquelm 
260 |a Barcelona  |b Seix Barral  |c 1969 
650 0 |a Psicología   |9 257863 
650 0 |a Psicología del niño  |9 307305 
650 0 |a Desarrollo mental   |9 313003 
650 7 |a PSICOLOGIA GENETICA  |2 CL-VaPUC  |9 308771 
650 0 |a Psicología del desarrollo  |9 307541 
583 |a last modification  |c 19960315 00:00:00  |k Rodrigo Vera 
490 0 |a Biblioteca Breve Seix Barral, 247 
999 |c 245042  |d 245040 
952 |0 0  |1 0  |4 0  |6 155_400000000000000_PIA_1969  |7 0  |8 P  |9 259385  |a BIBEDU  |b BIBEDU  |c BIBEDU_PB  |d 2019-11-19  |i 1631446  |o 155.4 PIA 1969  |p 1631446  |r 2024-01-25  |w 2019-11-19  |y BK  |k EDU 
952 |0 0  |1 0  |4 0  |6 155_400000000000000_PIA_1969  |7 0  |8 P  |9 259386  |a BIBEDU  |b BIBEDU  |c BIBEDU_PB  |d 2019-11-19  |i 1630776  |o 155.4 PIA 1969  |p 1630776  |r 2024-01-25  |w 2019-11-19  |y BK  |k EDU